Asfaltové zmesi s drvenou gumou z ojazdených pneumatík

Bibliographic Details
Main Authors: Mandula, Ján, 1958- (Author), Hudák, Marián (Author)
Format: Article
Language:Slovak
PhysicalDescription:Obr., tab.
ISBN:9788097003418
Subjects:

MARC

LEADER 00000naa a2200000 a 4500
001 vtls010260094
003 SK-MaSNL
005 20260302132716.0
008 11030220s2009 xo o |0||||||||0|||b|sl
015 |a SNBRA2010/04 
035 |a SVKKK000100305 
038 |a SVKKK 
040 |a SVKKK  |b slo  |c SVKKK  |e AACR2 
041 0 |a slo  |b eng 
044 |a xo  |c SK 
080 |a 665.775.4  |2 1997 
080 |a 628.4.037  |2 1997 
100 1 |a Mandula, Ján,  |d 1958-  |4 aut  |9 192486 
245 1 0 |a Asfaltové zmesi s drvenou gumou z ojazdených pneumatík  |c Ján Mandula, Marián Hudák 
246 3 1 |a Asphalt mixtures with crushed rubber from used tires 
300 |b Obr., tab. 
504 |a Bibliogr. odkazy 
546 |a Res. angl. 
650 0 7 |a asfaltové zmesi  |2 snkbucl  |9 51236 
700 1 |a Hudák, Marián  |4 aut  |9 785546 
773 0 |t Situácia v ekologicky zaťažených regiónoch Slovenska a strednej Európy : XViii. vedecké sympózium s medzinárodnou účasťou  |d Košice : Slovenská banícka spoločnosť ZSVTS - Základná organizácia pri Ústave geotechniky SAV, 2009  |g S. 172-175  |z 9788097003418 
852 |a SVKKK  |b BIB 
958 |a NB 
999 |c 1314021  |d 1315951